| 000 | 00481nam a2200181Ia 4500 | ||
|---|---|---|---|
| 008 | 230917s9999||||xx |||||||||||||| ||und|| | ||
| 020 | _cRS525 | ||
| 040 |
_e235031 _aMAIN |
||
| 041 | _aEnglish | ||
| 082 | _a615.19 A31T(3) | ||
| 100 | _aAlagarsamy, V | ||
| 245 | 0 | _aTextbook of medicinal chemistry. V1 | |
| 250 | _a3rd ed. | ||
| 260 |
_aNew Delhi _bCBS Publishers _c2016 |
||
| 300 | _axiv, 614 p. | ||
| 500 | _a2398 05/10/2016 HBD16/6685 06/10/2016 Main Budget | ||
| 942 | _cBK | ||
| 999 |
_c19370 _d19370 |
||